[Event "España ch sub-18"]
[Site "Mondariz ESP"]
[Date "2005.09.29"]
[Round "4.2"]
[White "Alsina Leal, Daniel"]
[Black "Alonso Fernandez, Marcos"]
[Result "1/2-1/2"]
[WhiteElo "2322"]
[BlackElo "2214"]
[PlyCount "84"]
[EventDate "2005.09.27"]
[EventType "swiss"]
[EventRounds "8"]
[EventCountry "ESP"]
[Source "lmi"]
[SourceDate "2005.10.03"]

1. e4 c5 2. Nf3 e6 3. d4 cxd4 4. Nxd4 Nc6 5. Nc3 a6 6. Be3 Qc7 7. Bd3 b5 8.
Nxc6 Qxc6 9. O-O Bb7 10. a4 b4 11. Ne2 Nf6 12. f3 Qc7 13. c3 Bd6 14. h3 bxc3
15. Rc1 Bc5 16. Bxc5 Qxc5+ 17. Kh1 Qb4 18. Rxc3 Bc6 19. b3 O-O 20. Bc2 e5 21.
Rc4 Qb7 22. Qd6 Rfe8 23. Nc3 Re6 24. Qd3 Nh5 25. Ne2 Rh6 26. Qe3 Re8 27. Qg5
Nf6 28. Kh2 d5 29. exd5 Bxd5 30. Rh4 Rxh4 31. Qxh4 e4 32. fxe4 Bxe4 33. Bxe4
Rxe4 34. Qf2 Qxb3 35. Ng3 Rxa4 36. Qf5 Qe6 37. Rd1 g6 38. Rd8+ Kg7 39. Qc5 Nd7
40. Qc8 Nf6 41. Qc5 Nd7 42. Qc8 Nf6 1/2-1/2

[Event "España ch sub-18"]
[Site "Mondariz ESP"]
[Date "2005.09.29"]
[Round "4.3"]
[White "Pena Dieguez, Manuel"]
[Black "Claros Egea, Christian"]
[Result "0-1"]
[WhiteElo "2041"]
[BlackElo "2210"]
[PlyCount "74"]
[EventDate "2005.09.27"]
[EventType "swiss"]
[EventRounds "8"]
[EventCountry "ESP"]
[Source "lmi"]
[SourceDate "2005.10.03"]

1. e4 c5 2. Nf3 d6 3. d4 cxd4 4. Nxd4 Nf6 5. Nc3 a6 6. Be2 e5 7. Nb3 Be7 8. O-O
O-O 9. Kh1 Be6 10. f4 exf4 11. Bxf4 Nc6 12. Qe1 Ne5 13. Qg3 Qc7 14. Nd4 b5 15.
a3 Kh8 16. Bg5 Ng8 17. Rad1 Bxg5 18. Qxg5 Rad8 19. Nf5 Bxf5 20. exf5 Nf6 21.
Rd4 Qc5 22. Qf4 Nc6 23. Rd2 Qe5 24. Qf2 d5 25. Bd3 Rfe8 26. Re2 Qd6 27. Rfe1
Rxe2 28. Rxe2 b4 29. axb4 Qxb4 30. Nd1 a5 31. c3 Qd6 32. Qh4 Ne5 33. Bc2 Neg4
34. g3 d4 35. cxd4 Qd5+ 36. Rg2 Re8 37. Be4 Rxe4 0-1

[Event "España ch sub-18"]
[Site "Mondariz ESP"]
[Date "2005.09.29"]
[Round "4.4"]
[White "Cabrera Trujillo, Jorge"]
[Black "Oms Fuentes, Lluis"]
[Result "1/2-1/2"]
[WhiteElo "2059"]
[BlackElo "2281"]
[PlyCount "102"]
[EventDate "2005.09.27"]
[EventType "swiss"]
[EventRounds "8"]
[EventCountry "ESP"]
[Source "lmi"]
[SourceDate "2005.10.03"]

1. e4 c5 2. Nf3 Nc6 3. d4 cxd4 4. Nxd4 Nf6 5. Nc3 e5 6. Ndb5 h6 7. Nd5 Nxd5 8.
exd5 a6 9. dxc6 axb5 10. cxd7+ Bxd7 11. Bd3 Bc6 12. O-O Ra4 13. Qe2 Qd5 14. f3
Bc5+ 15. Be3 O-O 16. Bxc5 Qxc5+ 17. Kh1 f6 18. c3 Raa8 19. Rfd1 f5 20. Qc2 g6
21. b4 Qe3 22. Re1 Qf4 23. Qe2 e4 24. Bxb5 exf3 25. Qe6+ Kh8 26. Bxc6 f2 27.
Rf1 bxc6 28. Qxc6 Rac8 29. Qf3 Qxf3 30. gxf3 Rxc3 31. Rxf2 Ra3 32. Kg2 Rb8 33.
Rb2 Rb5 34. Rc1 Kg7 35. Rc6 h5 36. Kf2 h4 37. Ke2 Re5+ 38. Kf2 Rb5 39. Rc4 h3
40. Kg3 Kf6 41. Rc6+ Kg5 42. Rc4 Kf6 43. Rh4 g5 44. Rxh3 g4 45. Rh6+ Kg5 46.
Rc6 Rxf3+ 47. Kg2 Ra3 48. Rc4 Ra4 49. Kf2 Ra3 50. Rbc2 Rb8 51. Rb2 Rb5 1/2-1/2

[Event "España ch sub-18"]
[Site "Mondariz ESP"]
[Date "2005.09.29"]
[Round "4.5"]
[White "Garrido Dominguez, Jesus"]
[Black "Zamarbide Inarrea, Borja"]
[Result "1-0"]
[WhiteElo "2273"]
[BlackElo "2180"]
[PlyCount "85"]
[EventDate "2005.09.27"]
[EventType "swiss"]
[EventRounds "8"]
[EventCountry "ESP"]
[Source "lmi"]
[SourceDate "2005.10.03"]

1. e4 e6 2. d4 d5 3. Nd2 Nf6 4. e5 Nfd7 5. Bd3 c5 6. c3 Nc6 7. Ne2 cxd4 8. cxd4
f6 9. exf6 Nxf6 10. Nf3 Bd6 11. O-O O-O 12. Bf4 Bxf4 13. Nxf4 Ng4 14. g3 Qd6
15. Re1 g6 16. Bb5 e5 17. dxe5 Ngxe5 18. Nxe5 Nxe5 19. Qe2 g5 20. Qxe5 Qxe5 21.
Rxe5 gxf4 22. Rxd5 Bh3 23. Bd3 Rad8 24. Be4 Rde8 25. f3 Re7 26. Rad1 Kh8 27.
Rd8 Rxd8 28. Rxd8+ Kg7 29. gxf4 b6 30. f5 Rf7 31. Kf2 Bxf5 32. Bxf5 Rxf5 33.
Rd7+ Kg6 34. Rxa7 Rc5 35. b4 Rh5 36. Ra6 Rxh2+ 37. Kg3 Rh1 38. Rxb6+ Kf5 39. a4
Ra1 40. a5 Ke5 41. a6 Kd4 42. b5 h5 43. Rh6 1-0

[Event "España ch sub-18"]
[Site "Mondariz ESP"]
[Date "2005.09.29"]
[Round "4.6"]
[White "Angulo Martinez, Jon"]
[Black "Antoli Royo, Joaquin Miguel"]
[Result "0-1"]
[WhiteElo "2143"]
[BlackElo "2305"]
[PlyCount "42"]
[EventDate "2005.09.27"]
[EventType "swiss"]
[EventRounds "8"]
[EventCountry "ESP"]
[Source "lmi"]
[SourceDate "2005.10.03"]

1. e4 c5 2. Nf3 Nc6 3. d4 cxd4 4. Nxd4 Qc7 5. Nc3 e6 6. Be3 a6 7. Qd2 b5 8.
O-O-O b4 9. Na4 Nf6 10. f3 Ne5 11. Nb3 Rb8 12. Qf2 Be7 13. Ba7 Rb7 14. Bd4 O-O
15. Nb6 Rb8 16. Nxc8 Rbxc8 17. g4 Nxf3 18. Bxf6 Bxf6 19. Bxa6 Qe5 20. Qxf3
Qxb2+ 21. Kd2 Rxc2+ 0-1

[Event "España ch sub-18"]
[Site "Mondariz ESP"]
[Date "2005.09.29"]
[Round "4.7"]
[White "Perez Felipe, Marcos Adrian"]
[Black "Rodriguez Gonzalez, Ignacio"]
[Result "0-1"]
[WhiteElo "2141"]
[BlackElo "2244"]
[PlyCount "42"]
[EventDate "2005.09.27"]
[EventType "swiss"]
[EventRounds "8"]
[EventCountry "ESP"]
[Source "lmi"]
[SourceDate "2005.10.03"]

1. d4 e6 2. c4 Nf6 3. Nf3 b6 4. Nc3 Bb7 5. Bg5 Bb4 6. e3 h6 7. Bh4 Be7 8. Bd3
O-O 9. O-O c5 10. Rc1 cxd4 11. exd4 d6 12. Re1 Nbd7 13. Bb1 Re8 14. Qd3 Nf8 15.
Nd2 Rc8 16. Nde4 Nxe4 17. Bxe7 Rxe7 18. Nxe4 d5 19. Nd2 dxc4 20. Nxc4 Rec7 21.
Rc2 Rxc4 0-1

[Event "España ch sub-18"]
[Site "Mondariz ESP"]
[Date "2005.09.29"]
[Round "4.8"]
[White "Hidalgo Duque, Carlos"]
[Black "Fidalgo Fernandez, Javier"]
[Result "1-0"]
[WhiteElo "2127"]
[BlackElo "2166"]
[PlyCount "51"]
[EventDate "2005.09.27"]
[EventType "swiss"]
[EventRounds "8"]
[EventCountry "ESP"]
[Source "lmi"]
[SourceDate "2005.10.03"]

1. d4 d5 2. c4 e5 3. dxe5 d4 4. Nf3 Nc6 5. g3 Bg4 6. Bg2 Qd7 7. O-O O-O-O 8.
Nbd2 h5 9. b4 Bxb4 10. Rb1 Bf5 11. Rb3 Bh3 12. e6 Bxe6 13. a3 Bxd2 14. Ne5 Qd6
15. Nxc6 bxc6 16. Bxd2 Ne7 17. Rb1 Ng6 18. Qa4 Qc5 19. Bxc6 Rd6 20. Bb7+ Kd8
21. Bb4 Qxc4 22. Qxa7 Rc6 23. Bxc6 Qxc6 24. Qxd4+ Ke8 25. Rfd1 f6 26. Rbc1 1-0

[Event "España ch sub-18"]
[Site "Mondariz ESP"]
[Date "2005.09.29"]
[Round "4.9"]
[White "Almeida Toledano, Daniel"]
[Black "Gimeno Higueras, Roberto"]
[Result "1-0"]
[WhiteElo "2163"]
[BlackElo "2116"]
[PlyCount "67"]
[EventDate "2005.09.27"]
[EventType "swiss"]
[EventRounds "8"]
[EventCountry "ESP"]
[Source "lmi"]
[SourceDate "2005.10.03"]

1. e4 c6 2. Nc3 d5 3. Nf3 Bg4 4. h3 Bxf3 5. Qxf3 e6 6. d4 dxe4 7. Qe3 Nf6 8.
Bd2 Nbd7 9. g4 h6 10. O-O-O Qc7 11. Nxe4 Nxe4 12. Qxe4 Nf6 13. Qf3 O-O-O 14.
Be3 Qa5 15. Bc4 Rd7 16. h4 h5 17. g5 Nd5 18. g6 Be7 19. Qxf7 Ba3 20. Qxe6 Qc3
21. Bxd5 Qxb2+ 22. Kd2 cxd5 23. Rb1 Bb4+ 24. Ke2 Qxc2+ 25. Kf3 Qe4+ 26. Qxe4
dxe4+ 27. Kxe4 Re8+ 28. Kd3 Bd6 29. Rb5 Rh8 30. Rc1+ Kd8 31. Rd5 Ke7 32. Bg5+
Ke6 33. Rb5 Be7 34. d5+ 1-0

[Event "España ch sub-18"]
[Site "Mondariz ESP"]
[Date "2005.09.29"]
[Round "4.10"]
[White "Fidalgo Fernandez, Lucia"]
[Black "Pazos Porta, Antonio"]
[Result "0-1"]
[WhiteElo "1904"]
[BlackElo "2144"]
[PlyCount "46"]
[EventDate "2005.09.27"]
[EventType "swiss"]
[EventRounds "8"]
[EventCountry "ESP"]
[Source "lmi"]
[SourceDate "2005.10.03"]

1. e4 e6 2. Nf3 c5 3. Nc3 a6 4. d4 cxd4 5. Nxd4 Qc7 6. Be3 Bb4 7. Nde2 Nf6 8.
a3 Bc5 9. Bxc5 Qxc5 10. g3 Nc6 11. Bg2 h5 12. Nf4 Ne5 13. O-O h4 14. Nd3 Nxd3
15. Qxd3 hxg3 16. hxg3 Ng4 17. Qe2 Ne5 18. a4 b6 19. Rfe1 Bb7 20. Rad1 O-O-O
21. Rb1 Rh6 22. Qe3 Qc7 23. Ne2 Rdh8 0-1

[Event "España ch sub-18"]
[Site "Mondariz ESP"]
[Date "2005.09.29"]
[Round "4.11"]
[White "Chalmeta Ugas, Ramon"]
[Black "Hernandez Leon, Alberto"]
[Result "1/2-1/2"]
[WhiteElo "2191"]
[BlackElo "2067"]
[PlyCount "139"]
[EventDate "2005.09.27"]
[EventType "swiss"]
[EventRounds "8"]
[EventCountry "ESP"]
[Source "lmi"]
[SourceDate "2005.10.03"]

1. e4 c5 2. Nf3 d6 3. Bb5+ Bd7 4. Bxd7+ Qxd7 5. O-O Nf6 6. e5 dxe5 7. Nxe5 Qc7
8. d4 cxd4 9. Bf4 Qb6 10. Nd2 Nc6 11. Nb3 e6 12. Nxc6 bxc6 13. Qxd4 Qxd4 14.
Nxd4 Rc8 15. Rfe1 Be7 16. Rad1 O-O 17. Nf5 Bc5 18. Nd6 Rcd8 19. Nb7 Rxd1 20.
Rxd1 Be7 21. Na5 Rc8 22. c4 Ne4 23. Be3 a6 24. Rd7 Bf6 25. Bd4 Bxd4 26. Rxd4 f5
27. f3 e5 28. Rd7 Nf6 29. Rd6 c5 30. Rxa6 Rd8 31. Nc6 Rd1+ 32. Kf2 Rd2+ 33. Kf1
Rxb2 34. Nxe5 Rb1+ 35. Kf2 Rb2+ 36. Kg3 h6 37. Nd3 Rc2 38. Ra5 Rd2 39. Ra3 Nh5+
40. Kh4 g6 41. Ra6 Rxd3 42. Rxg6+ Ng7 43. Rxh6 Rd4+ 44. Kg5 Rxc4 45. g4 fxg4
46. fxg4 Ra4 47. Rc6 Kf7 48. Rc7+ Kg8 49. Rc6 Rxa2 50. Kg6 Ra8 51. h4 Re8 52.
Rxc5 Re6+ 53. Kg5 Re4 54. Ra5 Rc4 55. h5 Rc5+ 56. Rxc5 Ne6+ 57. Kf5 Nxc5 58. g5
Nd7 59. g6 Nf8 60. Kf6 Nd7+ 61. Ke6 Nf8+ 62. Kf5 Nxg6 63. hxg6 Kg7 64. Kg5 Kg8
65. Kf6 Kf8 66. Kg5 Kg7 67. Kf5 Kg8 68. Kf6 Kf8 69. g7+ Kg8 70. Kg6 1/2-1/2

[Event "España ch sub-18"]
[Site "Mondariz ESP"]
[Date "2005.09.29"]
[Round "5.1"]
[White "Claros Egea, Christian"]
[Black "Garrido Dominguez, Jesus"]
[Result "1/2-1/2"]
[WhiteElo "2210"]
[BlackElo "2273"]
[PlyCount "92"]
[EventDate "2005.09.27"]
[EventType "swiss"]
[EventRounds "8"]
[EventCountry "ESP"]
[Source "lmi"]
[SourceDate "2005.10.03"]

1. e4 e5 2. Nf3 Nc6 3. Bc4 Bc5 4. c3 Nf6 5. d3 O-O 6. Bb3 d6 7. O-O h6 8. Nbd2
Kh8 9. h3 Ng8 10. Re1 Bb6 11. Nf1 f5 12. exf5 Bxf5 13. Ng3 Bh7 14. Be3 Bxe3 15.
Rxe3 Nge7 16. d4 exd4 17. cxd4 d5 18. Bc2 Nf5 19. Bxf5 Bxf5 20. Nxf5 Rxf5 21.
Qd3 Qf6 22. Rae1 Rf8 23. Re6 Qd8 24. a3 R5f6 25. R6e3 Rf4 26. g3 R4f6 27. Nh4
Qd6 28. Re8 Kg8 29. Rxf8+ Qxf8 30. Ng6 Qf7 31. Ne5 Qe6 32. Kg2 a6 33. Re3 Nxe5
34. Rxe5 Qf7 35. Qe2 Kf8 36. f4 Qd7 37. Qf3 c6 38. Qd3 Qf7 39. Qe2 Rf5 40. Qg4
g6 41. Qh4 Rxe5 42. Qxh6+ Kg8 43. fxe5 Qf5 44. Qe3 Qc2+ 45. Kg1 Qb1+ 46. Kg2
Qc2+ 1/2-1/2

[Event "España ch sub-18"]
[Site "Mondariz ESP"]
[Date "2005.09.29"]
[Round "5.3"]
[White "Rodriguez Gonzalez, Ignacio"]
[Black "Alsina Leal, Daniel"]
[Result "0-1"]
[WhiteElo "2244"]
[BlackElo "2322"]
[PlyCount "54"]
[EventDate "2005.09.27"]
[EventType "swiss"]
[EventRounds "8"]
[EventCountry "ESP"]
[Source "lmi"]
[SourceDate "2005.10.03"]

1. e4 c5 2. Nf3 Nc6 3. Bb5 g6 4. Bxc6 dxc6 5. h3 Bg7 6. d3 Nf6 7. Nc3 O-O 8.
Be3 b6 9. Qd2 e5 10. Bh6 Qd6 11. Bxg7 Kxg7 12. O-O Ne8 13. Nh2 Nc7 14. f4 exf4
15. Rxf4 Ne6 16. Rf2 Qe5 17. Nf3 Qc7 18. Raf1 Nd4 19. Ne2 Nxf3+ 20. Rxf3 Qe5
21. Rf4 Be6 22. c3 Kg8 23. b3 Rad8 24. Qe3 f5 25. Rh4 Bc8 26. Qh6 Qg7 27. Qxg7+
Kxg7 0-1

[Event "España ch sub-18"]
[Site "Mondariz ESP"]
[Date "2005.09.29"]
[Round "5.4"]
[White "Antoli Royo, Joaquin Miguel"]
[Black "Almeida Toledano, Daniel"]
[Result "1-0"]
[WhiteElo "2305"]
[BlackElo "2163"]
[PlyCount "58"]
[EventDate "2005.09.27"]
[EventType "swiss"]
[EventRounds "8"]
[EventCountry "ESP"]
[Source "lmi"]
[SourceDate "2005.10.03"]

1. e4 e6 2. d4 d5 3. Nd2 Be7 4. Ngf3 Nf6 5. e5 Nfd7 6. c3 c5 7. Bd3 Nc6 8. O-O
a5 9. Re1 cxd4 10. cxd4 Qb6 11. Nb1 Nxd4 12. Nxd4 Qxd4 13. Nc3 Bc5 14. Nb5
Qxf2+ 15. Kh1 O-O 16. Bg5 Bb4 17. Re3 f5 18. a3 h6 19. Re2 Qb6 20. Bxh6 Be7 21.
Be3 Qd8 22. Rc1 Nxe5 23. Nc7 d4 24. Bf4 Ng6 25. Bg3 Bd6 26. Nxe6 Bxe6 27. Rxe6
Nf4 28. Bc4 Kh8 29. Qf3 Kh7 1-0

[Event "España ch sub-18"]
[Site "Mondariz ESP"]
[Date "2005.09.29"]
[Round "5.5"]
[White "Oms Fuentes, Lluis"]
[Black "Ivanovitch Balsinde, Nicolas"]
[Result "1/2-1/2"]
[WhiteElo "2281"]
[BlackElo "2117"]
[PlyCount "93"]
[EventDate "2005.09.27"]
[EventType "swiss"]
[EventRounds "8"]
[EventCountry "ESP"]
[Source "lmi"]
[SourceDate "2005.10.03"]

1. e4 c5 2. Nc3 a6 3. a4 b6 4. g3 Bb7 5. Bg2 e6 6. Nge2 d6 7. O-O Be7 8. d4
cxd4 9. Nxd4 Nd7 10. f4 Ngf6 11. e5 Bxg2 12. exf6 Bxf1 13. fxe7 Qc7 14. Qxf1
Nf6 15. Qf3 Rc8 16. Bd2 Qxe7 17. Nf5 Qc7 18. Nd4 O-O 19. Nb3 b5 20. axb5 axb5
21. Rc1 Qc4 22. Qe2 b4 23. Qxc4 Rxc4 24. Nd1 Nd5 25. c3 bxc3 26. bxc3 Ra8 27.
Kf2 Ra2 28. Ke2 Nb6 29. Rb1 Rc8 30. Nc1 Ra6 31. Ne3 Kf8 32. Kd3 d5 33. Ne2 Nd7
34. Rb2 Nc5+ 35. Kc2 Ne4 36. Nd4 Ra3 37. Nb5 Ra4 38. Kd3 Rb8 39. c4 Nxd2 40.
Kxd2 d4 41. Nc2 Rxc4 42. Rb3 f6 43. Ncxd4 e5 44. fxe5 fxe5 45. Kd3 Rxd4+ 46.
Nxd4 Rd8 47. Rb4 1/2-1/2

[Event "España ch sub-18"]
[Site "Mondariz ESP"]
[Date "2005.09.29"]
[Round "5.6"]
[White "Alonso Fernandez, Marcos"]
[Black "Cabrera Trujillo, Jorge"]
[Result "1-0"]
[WhiteElo "2214"]
[BlackElo "2059"]
[PlyCount "41"]
[EventDate "2005.09.27"]
[EventType "swiss"]
[EventRounds "8"]
[EventCountry "ESP"]
[Source "lmi"]
[SourceDate "2005.10.03"]

1. e4 c5 2. Nf3 d6 3. d4 cxd4 4. Nxd4 Nf6 5. Nc3 g6 6. Be3 Bg7 7. f3 O-O 8. Qd2
Nc6 9. Bc4 Bd7 10. O-O-O Rb8 11. Bb3 Na5 12. Kb1 b5 13. h4 Qc7 14. Bh6 Nxb3 15.
cxb3 Bxh6 16. Qxh6 e5 17. Nf5 Bxf5 18. exf5 b4 19. Ne4 Nxe4 20. fxe4 Rbc8 21.
f6 1-0

[Event "España ch sub-18"]
[Site "Mondariz ESP"]
[Date "2005.09.29"]
[Round "5.7"]
[White "Pazos Porta, Antonio"]
[Black "Pena Dieguez, Manuel"]
[Result "0-1"]
[WhiteElo "2144"]
[BlackElo "2041"]
[PlyCount "188"]
[EventDate "2005.09.27"]
[EventType "swiss"]
[EventRounds "8"]
[EventCountry "ESP"]
[Source "lmi"]
[SourceDate "2005.10.03"]

1. e4 c5 2. Nc3 Nc6 3. g3 g6 4. Bg2 Bg7 5. d3 d6 6. Be3 e6 7. Qd2 Qa5 8. h4 h5
9. Nd1 Qxd2+ 10. Bxd2 Nb4 11. Bxb4 cxb4 12. a3 bxa3 13. Rxa3 Ne7 14. Ne2 Nc6
15. c3 Bd7 16. f4 O-O 17. Ne3 Rfe8 18. Kd2 b5 19. Ra6 b4 20. Nc4 bxc3+ 21. bxc3
Bf8 22. Rha1 Rab8 23. Nxd6 Bxd6 24. e5 Rb2+ 25. Kd1 Nxe5 26. fxe5 Bxe5 27. Rxa7
Bxc3 28. Rxd7 Rxe2 29. Kxe2 Bxa1 30. Bb7 Rb8 31. Kf3 Be5 32. g4 hxg4+ 33. Kxg4
Kg7 34. h5 gxh5+ 35. Kxh5 Kf6 36. Kg4 Kg6 37. Ba6 f5+ 38. Kf3 Rh8 39. Bc4 Kf6
40. Ra7 Rh3+ 41. Ke2 f4 42. Ra6 Re3+ 43. Kd2 Bd4 44. Rd6 Bc5 45. Ra6 Bb4+ 46.
Kd1 f3 47. d4 f2 48. d5 Re1+ 49. Kc2 f1=Q 50. Bxf1 Rxf1 51. Rxe6+ Kf7 52. Kd3
Rf4 53. Re4 Rf3+ 54. Kc4 Be7 55. Kb5 Rd3 56. Kc4 Rd1 57. Re2 Ke8 58. Ra2 Bd6
59. Ra8+ Kd7 60. Ra7+ Bc7 61. Ra6 Be5 62. Ra7+ Kd6 63. Ra6+ Kc7 64. Rc6+ Kd7
65. Rh6 Rd4+ 66. Kc5 Rg4 67. Ra6 Bd4+ 68. Kb5 Bg1 69. Rc6 Rh4 70. Rg6 Bd4 71.
Re6 Rh1 72. Kc4 Rd1 73. Rh6 Be3 74. Rg6 Rd4+ 75. Kc3 Rxd5 76. Ra6 Rh5 77. Kc4
Bc5 78. Rg6 Bd6 79. Rg4 Kc6 80. Rg8 Rh4+ 81. Kd3 Kd5 82. Ra8 Rh3+ 83. Kd2 Bf4+
84. Ke2 Be5 85. Ra4 Bd4 86. Ra8 Ke4 87. Re8+ Be5 88. Ra8 Rh2+ 89. Kf1 Rb2 90.
Ra3 Bf4 91. Kg1 Be3+ 92. Kh1 Kf3 93. Rc3 Re2 94. Rb3 Kg3 0-1

[Event "España ch sub-18"]
[Site "Mondariz ESP"]
[Date "2005.09.29"]
[Round "5.8"]
[White "Villuendas Valero, Adrian"]
[Black "Rodriguez Fontecha, Marcos"]
[Result "0-1"]
[WhiteElo "2109"]
[BlackElo "2179"]
[PlyCount "60"]
[EventDate "2005.09.27"]
[EventType "swiss"]
[EventRounds "8"]
[EventCountry "ESP"]
[Source "lmi"]
[SourceDate "2005.10.03"]

1. e4 e6 2. d4 d5 3. Nd2 c5 4. exd5 Qxd5 5. dxc5 Nf6 6. Ngf3 Bxc5 7. Bc4 Qd6 8.
Qe2 O-O 9. Nb3 Bb6 10. Bg5 Nc6 11. Bd3 e5 12. O-O-O Qe7 13. Nfd2 a5 14. Ne4 a4
15. Bxf6 gxf6 16. Nd6 f5 17. Nxc8 Rfxc8 18. Nd2 Nd4 19. Qh5 Qf6 20. g4 e4 21.
Bc4 a3 22. c3 axb2+ 23. Kxb2 Ne2 24. Qxf5 Qxc3+ 25. Kb1 Qb4+ 26. Nb3 Nc3+ 27.
Kc1 Nxa2+ 28. Kb1 Nc3+ 29. Kc1 Ra1+ 30. Kc2 Ra2+ 0-1

[Event "España ch sub-18"]
[Site "Mondariz ESP"]
[Date "2005.09.29"]
[Round "5.10"]
[White "Zamarbide Inarrea, Borja"]
[Black "Martinez Perez, Jorge"]
[Result "1/2-1/2"]
[WhiteElo "2180"]
[BlackElo "2030"]
[PlyCount "67"]
[EventDate "2005.09.27"]
[EventType "swiss"]
[EventRounds "8"]
[EventCountry "ESP"]
[Source "lmi"]
[SourceDate "2005.10.03"]

1. e4 d5 2. exd5 Qxd5 3. Nc3 Qd6 4. d4 Nf6 5. Be3 a6 6. g3 Bg4 7. Nf3 Nc6 8.
Bg2 e6 9. h3 Bh5 10. Bf4 Qb4 11. Bxc7 Nd5 12. a3 Nxc3 13. axb4 Nxd1 14. b5 Bxf3
15. Bxf3 Nxd4 16. Bxb7 Ra7 17. Kxd1 Rxb7 18. bxa6 Rxc7 19. a7 Rxa7 20. Rxa7 Be7
21. Ra8+ Bd8 22. c3 Nf5 23. Kc2 O-O 24. Rd1 Bb6 25. Rxf8+ Kxf8 26. Rd2 Ke7 27.
b4 Nd6 28. Kd3 Kd7 29. c4 Bc7 30. Ra2 Nc8 31. c5 Kc6 32. Kc4 Ne7 33. Ra7 Nc8
34. b5+ 1/2-1/2

[Event "España ch sub-18"]
[Site "Mondariz ESP"]
[Date "2005.09.29"]
[Round "5.11"]
[White "Fidalgo Fernandez, Javier"]
[Black "Iza Abete, Amaia"]
[Result "1-0"]
[WhiteElo "2166"]
[BlackElo "1992"]
[PlyCount "110"]
[EventDate "2005.09.27"]
[EventType "swiss"]
[EventRounds "8"]
[EventCountry "ESP"]
[Source "lmi"]
[SourceDate "2005.10.03"]

1. e4 e5 2. Nf3 Nc6 3. Bb5 a6 4. Ba4 Nf6 5. O-O Bc5 6. c3 b5 7. Bc2 d6 8. d4
Bb6 9. a4 Bg4 10. h3 Bh5 11. d5 Ne7 12. Bg5 Nd7 13. Na3 Rb8 14. axb5 axb5 15.
Bxe7 Qxe7 16. b4 Qf6 17. g4 Bg6 18. Kg2 Qe7 19. Qd2 Nf6 20. Rfe1 O-O 21. Qe2 h5
22. Nh2 hxg4 23. hxg4 c6 24. dxc6 Qc7 25. Nxb5 Qxc6 26. c4 d5 27. cxd5 Nxd5 28.
exd5 Qxd5+ 29. Be4 Bxe4+ 30. Qxe4 Qxb5 31. Nf3 Bd4 32. Rh1 f5 33. gxf5 Bxa1 34.
Rxa1 Rf7 35. Rb1 Re8 36. Re1 Qb7 37. Qc4 e4 38. Ng5 Kf8 39. Qxf7+ Qxf7 40. Nxf7
Kxf7 41. Kg3 Kf6 42. Kf4 Re5 43. Rxe4 Rxf5+ 44. Ke3 g5 45. Rc4 Rb5 46. Kd4 Rf5
47. Rc2 Ke6 48. Kc4 Kd7 49. Kb3 Rd5 50. Ka4 Rd1 51. Ka5 Rd5+ 52. b5 Rd6 53. b6
Rd1 54. Ka6 Ra1+ 55. Kb7 Ke8 1-0

[Event "España ch sub-18"]
[Site "Mondariz ESP"]
[Date "2005.09.29"]
[Round "5.12"]
[White "Hernandez Leon, Alberto"]
[Black "Angulo Martinez, Jon"]
[Result "1-0"]
[WhiteElo "2067"]
[BlackElo "2143"]
[PlyCount "103"]
[EventDate "2005.09.27"]
[EventType "swiss"]
[EventRounds "8"]
[EventCountry "ESP"]
[Source "lmi"]
[SourceDate "2005.10.03"]

1. e4 e5 2. Nf3 Nc6 3. d4 exd4 4. Nxd4 Nf6 5. Nc3 Bb4 6. Nxc6 bxc6 7. Bd3 d5 8.
exd5 cxd5 9. O-O O-O 10. Bg5 c6 11. Qf3 Be7 12. h3 Be6 13. Ne2 Nd7 14. Bxe7
Qxe7 15. Nd4 c5 16. Nb5 c4 17. Bf5 Qc5 18. Nc3 d4 19. Bxe6 fxe6 20. Ne4 Qd5 21.
Qe2 Rf4 22. Nd2 Rc8 23. Rfe1 e5 24. g3 Rf7 25. Qe4 Qc5 26. Nf3 Rcf8 27. Ng5 Nf6
28. Qxe5 Qxe5 29. Rxe5 Rd7 30. Rd1 Rc8 31. Nf3 d3 32. c3 Rb7 33. Rd2 Rcb8 34.
b3 cxb3 35. axb3 Rxb3 36. Rxd3 Rc8 37. Ree3 a5 38. Nd4 Rb1+ 39. Kg2 a4 40. Nc2
Rb3 41. Nd4 Rb2 42. Nf5 Rc7 43. Rd8+ Kf7 44. Ra8 Nd5 45. Nd6+ Kg6 46. Re6+ Nf6
47. Rxa4 h6 48. Ne8 Rxc3 49. Nxf6 gxf6 50. Raa6 Rcc2 51. Rxf6+ Kg7 52. Rg6+ 1-0

[Event "España ch sub-18"]
[Site "Mondariz ESP"]
[Date "2005.09.30"]
[Round "6.2"]
[White "Alsina Leal, Daniel"]
[Black "Claros Egea, Christian"]
[Result "1/2-1/2"]
[WhiteElo "2322"]
[BlackElo "2210"]
[PlyCount "154"]
[EventDate "2005.09.27"]
[EventType "swiss"]
[EventRounds "8"]
[EventCountry "ESP"]
[Source "lmi"]
[SourceDate "2005.10.03"]

1. e4 c5 2. Nf3 d6 3. d4 cxd4 4. Nxd4 Nf6 5. Nc3 a6 6. Bg5 e6 7. f4 Qb6 8. Qd2
Qxb2 9. Nb3 Qa3 10. Bxf6 gxf6 11. Be2 Nc6 12. O-O Bd7 13. Kh1 Bg7 14. Rad1 O-O
15. Qxd6 Qxd6 16. Rxd6 Rfd8 17. Nc5 Be8 18. Rd3 Rxd3 19. Bxd3 b5 20. Ne2 Bf8
21. Nb3 Nb4 22. Nec1 Rc8 23. Rf2 Nxd3 24. Nxd3 Rc4 25. e5 f5 26. Kg1 Ra4 27.
Ndc1 Bc6 28. Kf1 Bd5 29. Ke2 Re4+ 30. Kd2 a5 31. Nd3 Ra4 32. Ndc1 Rc4 33. Nd3
a4 34. Nbc1 Rc7 35. c3 Be4 36. Re2 Ba3 37. Re3 Rd7 38. Ne2 Bc5 39. Rg3+ Kh8 40.
Nec1 Bf2 41. Rg5 Bh4 42. Rh5 Be7 43. Rh3 Bxg2 44. Rg3 Be4 45. Ke3 Bd8 46. Ke2
Bb6 47. Nb4 Rc7 48. a3 Rc4 49. Nca2 Bb7 50. Nd3 Rc8 51. Kd2 Rg8 52. Nab4 Rg6
53. Nc2 Rh6 54. h3 Rh4 55. Ke2 Be4 56. Ncb4 h6 57. Kd2 Kh7 58. Ke2 Bd8 59. Ke3
f6 60. exf6 Bxf6 61. Kd2 Be7 62. Nc2 Bd6 63. Nd4 Bxd3 64. Kxd3 Rxf4 65. Nxe6
Re4 66. Rg7+ Kh8 67. Rg6 Bxa3 68. Rxh6+ Kg8 69. Nd4 Bc1 70. Rb6 a3 71. Rxb5
Re3+ 72. Kc2 Rxc3+ 73. Kb1 Rxh3 74. Ne2 Rh4 75. Kc2 Rh3 76. Nf4 Rd3 77. Ne2 Rd6
1/2-1/2

[Event "España ch sub-18"]
[Site "Mondariz ESP"]
[Date "2005.09.30"]
[Round "6.3"]
[White "Garrido Dominguez, Jesus"]
[Black "Antoli Royo, Joaquin Miguel"]
[Result "1-0"]
[WhiteElo "2273"]
[BlackElo "2305"]
[PlyCount "55"]
[EventDate "2005.09.27"]
[EventType "swiss"]
[EventRounds "8"]
[EventCountry "ESP"]
[Source "lmi"]
[SourceDate "2005.10.03"]

1. e4 e5 2. Nf3 Nc6 3. Bb5 a6 4. Ba4 Nf6 5. O-O Be7 6. Re1 b5 7. Bb3 O-O 8. h3
Bb7 9. Nc3 d6 10. a3 Nd4 11. Nxd4 exd4 12. Nd5 Nxd5 13. exd5 Bf6 14. d3 Re8 15.
Re4 Be5 16. Bd2 f5 17. Re1 Qh4 18. Qf3 Kh8 19. Qxf5 Rf8 20. Re4 Qe7 21. Qh5 g6
22. Qe2 Qf7 23. Bh6 Rfe8 24. Re1 Bc8 25. f4 Bf5 26. fxe5 Bxe4 27. Qxe4 Rxe5 28.
Qxd4 1-0

[Event "España ch sub-18"]
[Site "Mondariz ESP"]
[Date "2005.09.30"]
[Round "6.4"]
[White "Pena Dieguez, Manuel"]
[Black "Ivanovitch Balsinde, Nicolas"]
[Result "1-0"]
[WhiteElo "2041"]
[BlackElo "2117"]
[PlyCount "63"]
[EventDate "2005.09.27"]
[EventType "swiss"]
[EventRounds "8"]
[EventCountry "ESP"]
[Source "lmi"]
[SourceDate "2005.10.03"]

1. e4 c5 2. Nf3 e6 3. d4 cxd4 4. Nxd4 a6 5. Be2 b5 6. c4 bxc4 7. Bxc4 Qc7 8.
Qe2 Bb7 9. O-O Qe5 10. Rd1 Qxe4 11. Qf1 Bc5 12. Nc3 Qe5 13. Nb3 Be7 14. Na4 d5
15. Be2 Nd7 16. Be3 Ngf6 17. Nac5 Bd6 18. g3 Bxc5 19. Nxc5 Nxc5 20. Bxc5 Nd7
21. Ba3 d4 22. Rac1 Qd5 23. f3 e5 24. Kg2 f5 25. Rc7 Kd8 26. Rdc1 e4 27. fxe4
fxe4 28. Bc4 Qg5 29. Rxb7 Qd2+ 30. Kh1 Ne5 31. Be7+ Ke8 32. Bb4 1-0